000 00724nam a2200241Ia 4500
003 OSt
005 20220930071740.0
006 a|||||r|||| 00| 0
007 ta
008 220926b |||||||| |||| 00| 0 hin d
024 _a18004
037 _cTheses
040 _aCRL
_cCRL
_bhin
041 _2hin
_ahin
100 _aSinhal Krishan Avtar
_9528873
110 _aUniversity of Banaras. Faculty of Arts. Department of Hindi
_9528874
245 0 _aPrem chanduttar hindi upnasyo ka vastu rupatmak vikas
260 _c1964
650 _aHINDI LITERATURE
_923866
700 _aUniversity of Banaras. Faculty of Arts. Department of Hindi
_9528875
942 _cDIS
_2CC
999 _c862762
_d862762